| 000 | 00789pam a2200253 a 4500 | ||
|---|---|---|---|
| 999 |
_c533087 _d533087 |
||
| 001 | 1005778 | ||
| 003 | NUST | ||
| 005 | 20191212103246.0 | ||
| 008 | 870804s1988 nyua 000 0 eng | ||
| 010 | _a 87023265 | ||
| 020 | _a0070414807 (pbk.) | ||
| 038 | _aMSOHAIL | ||
| 040 |
_aDLC _cDLC _dDLC |
||
| 050 | 0 | 0 |
_aQA303 _b.S288 1988 |
| 082 | 0 | 0 |
_a515.076 _219 |
| 245 | 0 | 0 |
_aSchaum's 3000 solved problems in calculus / _cedited by Elliott Mendelson. |
| 260 |
_aNew York : _bMcGraw-Hill, _cc1988. |
||
| 300 |
_av, 442 p. : _bill. ; _c28 cm. |
||
| 650 | 0 |
_aCalculus _xProblems, exercises, etc. _926774 |
|
| 700 | 1 |
_aMendelson, Elliott. _98742 |
|
| 740 | 0 | _aSchaum's three thousand solved problems in calculus. | |
| 906 |
_a7 _bcbc _corignew _d1 _eocip _f19 _gy-gencatlg |
||
| 942 |
_2ddc _cBK |
||